Modlitby v ťažkých situáciách

Bibliographic Details
Main Author: Bernard-Marie brat (Author)
Other Authors: Petríková, Marta (Translator)
Format: Book
Language:Slovak
French
PhysicalDescription:106 s. 18 cm
Published: Bratislava Serafín c1999
ISBN:8085310961
Subjects:

MARC

LEADER 00000cam a2200000 a 4500
001 vtls001363721
003 SK-MaSNL
005 20260301201130.0
008 240314s1999 xo r 000 0 slo
015 |a SNBA1999/08-03104 
020 |a 8085310961 
035 |a SNK000317349 
035 |a urn:nbn:sk:snk-amjcjn 
035 |a urn:nbn:sk:snk-am002er3 
035 |a 9FD8974D-35FF-4207-A794-92679FB31181 
040 |a SNK  |b slo  |c SNK  |e AACR2 
041 1 |a slo  |h fre 
044 |a xo  |c SK 
080 |a 243  |2 1981 
100 0 |a Bernard-Marie  |c brat  |4 aut  |9 525227 
240 1 0 |a Prieres pour les causes difficiles ou désespérées  |l Slovensky 
245 1 0 |a Modlitby v ťažkých situáciách  |c brat Bernard-Marie ; [z francúzskeho originálu preložila Marta Petríková] 
260 |a Bratislava  |b Serafín  |c c1999 
300 |a 106 s.  |c 18 cm 
500 |a Údaj o prekl. prevzatý z rubu tit. strany 
650 0 7 |a modlitby  |x situácie životné  |x príručky  |2 SNK  |9 581271 
655 7 |a príručky  |2 SNK  |9 74364 
700 1 |a Petríková, Marta  |4 trl  |9 581272 
919 |a 80-85310-96-1 
958 |a NT 
958 |a OP 
968 |b FR 
999 |c 893502  |d 895432 
952 |t P60, <03>, [BOOK], {603}  |a SNK  |b SNK  |y PREZ  |7 0  |p 17A0194166  |o snkSD 70087  |i snkKSP 5829/99  |0 0  |1 0  |4 0  |d 1999-05-26  |l 0  |r 2005-01-02 00:00:00  |w 2026-02-24 
952 |t P60, <04>, [BOOK], {604}  |a SNK  |b SNK  |y VYP  |7 0  |p 17A0194167  |o snkSD 70087 D1  |i snkKSP 5830/99  |0 0  |1 0  |4 0  |d 1999-05-26  |f 1  |l 0  |r 2005-01-02 00:00:00  |w 2026-02-24 
952 |t P60, <09>, [BOOK], {629}  |a SNK  |b SNK  |y NEVYP  |7 0  |o snkD 95  |i snk893/990701  |0 0  |1 0  |4 0  |d 1999-06-30  |l 0  |r 2005-01-02 00:00:00  |w 2026-02-24